000 00510nam a2200193 a 4500
001 17405
003 CO-ViMGA
008 141112s2004 ck r 000 u spa d
020 _a8447800792
040 _aCO-ViMGA
_bspa
_cCO-ViMGA
082 0 4 _aSCHemo
100 1 _aScheffler, Ursel; Dietl, Erhard
_924722
245 1 0 _aEl monstruo del bolsillo
260 _aBarcelona (Espasña),
_cEl Arca,
_c1993
300 _a59.p.
490 _aTren de cuerda
650 1 4 _aCUENTOS INFANTILES ALEMANES
942 _2ddc
_cBK
999 _c26946
_d26946